00769nam a2200217 a 450000100060000000300080000600500170001400800410003103500190007204000270009104100080011808200260012610000300015224501230018226000900030530000240039550400300041965000320044965100320048165100380051345862BD-RjUL20211209054058.0160728s1973 mau b 000 0 eng  a(BD-RjUL)45980 aDLCcDLCdBD-RjULbeng aeng00a378.669223bBEP 19731 aVan den Berghe, Pierre L.10aPower and privilege at an African university /cPierre L. van den Berghe. With the assistance of Paul Alabi and others aCambridge, Mass. :bSchenkman Pub. Co.; distributed by General Learning Press,cc1973 ax, 273 p. ;c24 cm. aBibliography: p. 269-273. 0aEducation, HigherzNigeria. 0aNigeriaxIntellectual life. 0aNigeriaxSocial conditionsy1960-